[Event "RSA-ch U14"]
[Site "Bloemfontein"]
[Date "2016.03.21"]
[Round "3"]
[White "Nhamuave, Eleazar"]
[Black "George, Bernet"]
[Result "1/2-1/2"]
[WhiteElo "1413"]
[BlackElo "1492"]
[PlyCount "104"]
[EventDate "2016.03.20"]
[EventType "swiss"]
[EventRounds "11"]
[EventCountry "RSA"]
[SourceTitle "CBM 171 Extra"]
[Source "ChessBase"]
[SourceDate "2016.04.26"]
[SourceVersion "1"]
[SourceVersionDate "2016.04.26"]
[SourceQuality "1"]

1. e4 e5 2. Nf3 Nc6 3. Nc3 Bc5 4. Bc4 h6 5. h3 d6 6. d3 Nf6 7. Be3 Bb4 8. Bd2 0-0 9. a3 Bc5 10. Na4 Bb6 11. Nxb6 axb6 12. 0-0 d5 13. exd5 Nxd5 14. Re1 Re8 15. b4 Qd6 16. c3 Bf5 17. Qb3 Rad8 18. Re2 Kh8 19. Rae1 f6 20. d4 e4 21. Nh2 Bg6 22. Bb5 Bh5 23. g4 Bg6 24. Nf1 f5 25. Ng3 e3 26. Bxe3 f4 27. Nf5 Qf6 28. Bd2 Rxe2 29. Bxe2 Bxf5 30. gxf5 Qxf5 31. Bg4 Qg6 32. Qb1 Qg5 33. Qf5 Qh4 34. Qh5 Qxh5 35. Bxh5 g5 36. Re6 Rd6 37. Bg4 Rxe6 38. Bxe6 Nde7 39. Bd7 b5 40. Kf1 Nd5 41. Bc8 Nd8 42. Bd7 Nc6 43. Ke2 Kg7 44. Be6 Nde7 45. Kd3 Kf6 46. Bb3 Nf5 47. Bd5 Nd6 48. c4 Ne7 49. Bc3 c6 50. Bg2 bxc4+ 51. Kd2 Nd5 52. a4 h5 1/2-1/2

[Event "RSA-ch U14"]
[Site "Bloemfontein"]
[Date "2016.03.20"]
[Round "1"]
[White "Strydom, De Leon"]
[Black "George, Bernet"]
[Result "1/2-1/2"]
[WhiteElo "1272"]
[BlackElo "1492"]
[PlyCount "85"]
[EventDate "2016.03.20"]
[EventType "swiss"]
[EventRounds "11"]
[EventCountry "RSA"]
[SourceTitle "CBM 171 Extra"]
[Source "ChessBase"]
[SourceDate "2016.04.26"]
[SourceVersion "1"]
[SourceVersionDate "2016.04.26"]
[SourceQuality "1"]

1. d4 d5 2. Nc3 Nc6 3. Nf3 Bf5 4. Bf4 Nb4 5. Rc1 a6 6. a3 Nc6 7. e3 Nf6 8. Bd3 Bg4 9. 0-0 e6 10. h3 Bh5 11. Be2 Bd6 12. Ne5 Bxe2 13. Qxe2 Bxe5 14. Bxe5 0-0 15. Bg3 Ne7 16. Rfd1 Nf5 17. Be5 Nd7 18. e4 Ne7 19. exd5 Nxe5 20. Qxe5 Nxd5 21. Nxd5 exd5 22. Re1 Re8 23. Qf4 c6 24. Qd2 Qf6 25. Re3 Rxe3 26. Qxe3 Qe6 27. Re1 Re8 28. Qxe6 Rxe6 29. Rxe6 fxe6 30. f3 Kf7 31. Kf2 Kf6 32. f4 b6 33. b3 c5 34. c3 Kf5 35. Kf3 Kf6 36. Kf2 Kf5 37. Kf3 Kg6 38. Kg3 Kh5 39. h4 Kg6 40. Kg4 h5+ 41. Kg3 Kf5 42. Kf3 g6 43. g3 1/2-1/2